| 000 | 01267nam a22002537a 4500 | ||
|---|---|---|---|
| 003 | NALT | ||
| 005 | 20211117093211.0 | ||
| 008 | s2541 th tha d | ||
| 020 | _a9743314814 | ||
| 040 | _aNALT | ||
| 041 | _atha | ||
| 090 | _aว HV8252.55.N66 ว634ต 2541 | ||
| 100 | 0 | _aวิบูลย์ กิตติอัมพานนท์ | |
| 245 | 1 | 0 |
_aตำรวจกับผู้มีอิทธิพลท้องถิ่น : _bศึกษากรณีจังหวัดนนทบุรี / _cวิบูลย์ กิตติอัมพานนท์ |
| 260 |
_aกรุงเทพฯ : _bจุฬาลงกรณ์มหาวิทยาลัย, _c2541 |
||
| 300 |
_a115 หน้า : _b ตาราง, แผนผัง ; _c 30 ซม. |
||
| 650 | 0 | 4 | _aตำรวจ -- ไทย -- วิจัย |
| 650 | 0 | 4 | _aตำรวจภูธร -- จังหวัดนนทบุรี -- วิจัย |
| 650 | 0 | 4 | _aผู้นำชุมชน -- จังหวัดนนทบุรี -- วิจัย |
| 650 | 0 | 4 | _aสถานีตำรวจ -- จังหวัดนนทบุรี -- วิจัย |
| 850 | _aNALT | ||
| 942 |
_cRSH _2lcc |
||
| 998 |
_bSUKUNYA _j109 _k อารีรัตน์ วิชาช่าง |
||
| 999 |
_c31912 _d31912 |
||